书目信息 |
| 题名: |
工程数学
|
|
| 作者: | 王元明 编 | |
| 分册: | 数学物理方程与特殊函数 | |
| 出版信息: | 北京 高等教育出版社 2004 |
|
| 页数: | 205页 | |
| 开本: | 21cm | |
| 丛书名: | ||
| 单 册: | ||
| 中图分类: | TB11 | |
| 科图分类: | ||
| 主题词: | 工程数学--高等学校--教材 , 数学物理方程--高等学校--教材 , 特殊函数--高等学校--教材 , 工程数学 , 数学物理方程 , 特殊函数 | |
| 电子资源: | ||
| ISBN: | 978-7-04-012958-8 | |
| 000 | 01176nam0 2200325 45 | |
| 001 | 1050944187 | |
| 005 | 20100420094148.81 | |
| 010 | @a978-7-04-012958-8@dCNY9.80 | |
| 100 | @a20100409e20092004em y0chiy0120 ea | |
| 101 | 0 | @achi |
| 102 | @aCN@b110000 | |
| 105 | @aak zq 000yy | |
| 106 | @ar | |
| 200 | 1 | @a工程数学@AGong Cheng Shu Xue@i数学物理方程与特殊函数@IShu Xue Wu Li Fang Cheng Yu Te Shu Han Shu@f王元明编@FWang Yuan Ming Bian |
| 205 | @a3版 | |
| 210 | @a北京@c高等教育出版社@d2004@h2009 | |
| 215 | @a205页@c图表@d21cm | |
| 300 | @a高等学校教材 | |
| 330 | @a本书共分9章。前4章及第7、8章主要讲了数学物理方程的一些基本概念及常用解法;第5、6章主要讲了贝塞尔函数及勒让德多项式;第9章简要地介绍了物理学、几何学中几个重要的非线性偏分方程。 | |
| 517 | 1 | @a数学物理方程与特殊函数@AShu Xue Wu Li Fang Cheng Yu Te Shu Han Shu |
| 606 | 0 | @a工程数学@x高等学校@j教材 |
| 606 | 0 | @a数学物理方程@x高等学校@j教材 |
| 606 | 0 | @a特殊函数@x高等学校@j教材 |
| 606 | 0 | @a工程数学 |
| 606 | 0 | @a数学物理方程 |
| 606 | 0 | @a特殊函数 |
| 690 | @aTB11@v4 | |
| 701 | 0 | @a王元明@AWang Yuan Ming@4编 |
| 801 | 0 | @aCN@bTANGWEI@c20100420 |
| 905 | @b0592012-16@dTB11@e147=3@f5 | |
| 工程数学.数学物理方程与特殊函数/王元明编.-3版.-北京:高等教育出版社,2004(2009) |
| 205页:图表;21cm |
| 高等学校教材 |
| ISBN 978-7-04-012958-8:CNY9.80 |
| 本书共分9章。前4章及第7、8章主要讲了数学物理方程的一些基本概念及常用解法;第5、6章主要讲了贝塞尔函数及勒让德多项式;第9章简要地介绍了物理学、几何学中几个重要的非线性偏分方程。 |
| ● |
| 相关链接 |
|
|
|
|
正题名:工程数学
索取号:TB11/147=3
 
预约/预借
| 序号 | 登录号 | 条形码 | 馆藏地/架位号 | 状态 | 备注 |
| 1 | 0592012 | 205920128 | 第二样本阅览室/ [索取号:TB11/147=3] | 在馆 | |
| 2 | 0592013 | 205920137 | 第三借阅区/ [索取号:TB11/147=3] | 在馆 | |
| 3 | 0592014 | 205920146 | 第三借阅区/ [索取号:TB11/147=3] | 在馆 | |
| 4 | 0592015 | 205920155 | 第三借阅区/ [索取号:TB11/147=3] | 在馆 | |
| 5 | 0592016 | 205920164 | 第三借阅区/ [索取号:TB11/147=3] | 在馆 |